000
00280nam a22001217a 4500
008
181006b xxu||||| |||| 00| 0 eng d
041
_a
eng
080
_a
941
100
_a
17
101
_a
HIS
245
_a
A Pictorial History of the World War I
_c
Jablonski, E
942
_2
udc
_c
BK
999
_c
48951
_d
48951